Algorithms for Automated Palmprint and Fingerprint Preprocessing

Salvato in:
Dettagli Bibliografici
Autore principale: KIYMIK, ALI EVRIM (Autore)
Altri autori: Marák, Pavol (Relatore della tesi)
Natura: Manoscritto Libro
Lingua:slovacco
inglese
Pubblicazione: 2015
Soggetti:
Accesso online:http://is.stuba.sk/zp/portal_zp.pl?podrobnosti=104660
Tags: Aggiungi Tag
Nessun Tag, puoi essere il primo ad aggiungerne!!

MARC

LEADER 00000ntm a22000003a 4500
001 stuzp49725
003 SK-STU
005 20160719153351.7
007 ta
008 150427s2015----xo-----f-mn---000-0-slo-d
040 |a STU  |b slo 
041 0 |a eng 
100 1 |a KIYMIK, ALI EVRIM  |u 035000  |4 aut  |U FEI Fakulta elektrotechniky a informatiky  |T FEI Ústav informatiky a matematiky  |X 70825  |U E050  |Y 816  |7 70825 
242 0 1 |a Algoritmy automatizovaného predspracovania odtlačkov prstov a dlaní  |y slo 
245 1 0 |a Algorithms for Automated Palmprint and Fingerprint Preprocessing 
260 |c 2015 
300 |a 36 s., príl.  |b CD-ROM 
650 4 |a odtlačky prstov  |2 slo 
650 4 |a predspracovanie  |2 slo 
650 4 |a markanty  |2 slo 
650 4 |a Gaborov filter  |2 slo 
650 4 |a fingerprint  |2 eng 
650 4 |a preprocessing  |2 eng 
650 4 |a Gabor filter  |2 eng 
650 4 |a minutiae  |2 eng 
700 1 |a Marák, Pavol  |4 ths  |X 50790  |7 A000050790 
856 4 |u http://is.stuba.sk/zp/portal_zp.pl?podrobnosti=104660 
996 |b 284ER01939  |c E*Bc- 1939  |l EE35  |s P  |a 0  |w stuzp49725_0001 
SQL |a stuzp49725  |b DBP  |c ENG  |d Algorithms for Automated Palmprint and Fingerprint Preprocessing  |e 70825  |f Kiymik, Ali Evrim  |g 035000  |h 50790  |i Marák, Pavol  |j 20150706  |k 73  |l 03  |m http://is.stuba.sk/zp/portal_zp.pl?podrobnosti=104660  |n B-API  |o 9.2.9. aplikovaná informatika